书目信息 |
| 题名: |
柳叶刀
|
|
| 作者: | 林黎胜 著 | |
| 分册: | ||
| 出版信息: | 北京 知识出版社 2008.12 |
|
| 页数: | 284页 | |
| 开本: | 24cm | |
| 丛书名: | ||
| 单 册: | ||
| 中图分类: | I247.5 | |
| 科图分类: | ||
| 主题词: | 小说 | |
| 电子资源: | ||
| ISBN: | 978-7-5015-5543-7 | |
| 000 | 00595nam0 2200217 450 | |
| 001 | 1164396765 | |
| 005 | 20111226175456.50 | |
| 010 | @a978-7-5015-5543-7@dCNY29.80 | |
| 100 | @a20111226d2008 km y0chiy0120 ea | |
| 101 | 0 | @achi |
| 102 | @aCN@b110000 | |
| 105 | @ay z 000yy | |
| 200 | 1 | @a柳叶刀@Aliu ye dao@f林黎胜著@Flin li sheng zhu |
| 210 | @a北京@c知识出版社@d2008.12 | |
| 215 | @a284页@d24cm | |
| 606 | 0 | @a小说 |
| 607 | @y中国 | |
| 690 | @aI247.5@v4 | |
| 701 | 0 | @a林黎胜@Alin li sheng@4著 |
| 801 | 0 | @aCN@b大连网信软件有限公司图书馆·11@c20111226 |
| 905 | @aZUCC@dI247.5@eL5004@f3 | |
| 柳叶刀/林黎胜著.-北京:知识出版社,2008.12 |
| 284页;24cm |
| ISBN 978-7-5015-5543-7:CNY29.80 |
| ● |
| 相关链接 |
|
|
|
正题名:柳叶刀
索取号:I247.5/L5004
 
预约/预借
| 序号 | 登录号 | 条形码 | 馆藏地/架位号 | 状态 | 备注 |
| 1 | 1067891 | 210678916 | 文学库108/108文学库 32排4列5层/ [索取号:I247.5/L5004] | 在馆 | |
| 2 | 1067892 | 210678925 | 文学库108/108文学库 32排4列5层/ [索取号:I247.5/L5004] | 在馆 | |
| 3 | 1067893 | 210678934 | 文学库108/108文学库 32排4列5层/ [索取号:I247.5/L5004] | 在馆 |